[Event "SVK-ch U08"]
[Site "Lubovna"]
[Date "2013.04.13"]
[Round "9"]
[White "Maurer, Filip"]
[Black "Rybarik, Simon"]
[Result "0-1"]
[WhiteElo "1000"]
[BlackElo "1000"]
[PlyCount "80"]
[EventDate "2013.04.06"]
[EventType "swiss"]
[EventRounds "9"]
[EventCountry "SVK"]
[SourceTitle "CBM 153 Extra"]
[Source "ChessBase"]
[SourceDate "2013.04.22"]
[SourceVersion "1"]
[SourceVersionDate "2013.04.22"]
[SourceQuality "1"]

1. e4 e5 2. Nf3 Nc6 3. d4 exd4 4. Nxd4 Nf6 5. Nc3 Bb4 6. f3 d5 7. exd5 Nxd5 8. Bd2 Bxc3 9. Bxc3 Nxc3 10. bxc3 Qe7+ 11. Be2 Nxd4 12. cxd4 0-0 13. 0-0 Qe3+ 14. Rf2 Rd8 15. Qd3 Qxd4 16. Rd1 Qxd3 17. Bxd3 Be6 18. Bxh7+ Kxh7 19. Rxd8 Rxd8 20. h3 Bxa2 21. Re2 Rd1+ 22. Kh2 Bc4 23. Re4 Bf1 24. Re7 a5 25. Rxc7 a4 26. Rxb7 a3 27. Ra7 a2 28. Rxa2 Rd2 29. Ra1 Bxg2 30. Rg1 Bxf3+ 31. Kg3 Be4 32. Re1 Bxc2 33. Re7 Rd3+ 34. Kh2 f5 35. Rc7 Rd2+ 36. Kg3 Bd3 37. Rd7 Kg6 38. Kf4 Kf6 39. Ke3 Rh2 40. Kxd3 Rxh3+ 0-1

[Event "SVK-ch U08"]
[Site "Lubovna"]
[Date "2013.04.11"]
[Round "7"]
[White "Bidulsky, Matej"]
[Black "Rybarik, Simon"]
[Result "1-0"]
[WhiteElo "1000"]
[BlackElo "1000"]
[PlyCount "37"]
[EventDate "2013.04.06"]
[EventType "swiss"]
[EventRounds "9"]
[EventCountry "SVK"]
[SourceTitle "CBM 153 Extra"]
[Source "ChessBase"]
[SourceDate "2013.04.22"]
[SourceVersion "1"]
[SourceVersionDate "2013.04.22"]
[SourceQuality "1"]

1. e4 e5 2. Nc3 Nf6 3. Nf3 Nc6 4. Bc4 Bb4 5. Ne2 Nxe4 6. 0-0 d6 7. d3 Nc5 8. Ng5 h6 9. Nxf7 Ke7 10. Nxd8 Rxd8 11. d4 exd4 12. Nxd4 Na5 13. Bd5 c6 14. c3 cxd5 15. cxb4 b6 16. bxa5 bxa5 17. Nc6+ Kd7 18. Nxd8 Kxd8 19. Qxd5 1-0